Centrality of panchayati raj in resettlement and rehabilitation (Record no. 101908)

000 -LEADER
fixed length control field 01418pab a2200193 454500
008 - FIXED-LENGTH DATA ELEMENTS--GENERAL INFORMATION
fixed length control field 180718b2012 xxu||||| |||| 00| 0 eng d
100 ## - MAIN ENTRY--PERSONAL NAME
Personal name Tiwari, Nupur
245 ## - TITLE STATEMENT
Title Centrality of panchayati raj in resettlement and rehabilitation
260 ## - PUBLICATION, DISTRIBUTION, ETC.
Date of publication, distribution, etc. 2012
300 ## - PHYSICAL DESCRIPTION
Extent p.733-739.
362 ## - DATES OF PUBLICATION AND/OR SEQUENTIAL DESIGNATION
Dates of publication and/or sequential designation Oct-Dec
520 ## - SUMMARY, ETC.
Summary, etc. There is a wide role for panchayats in the land acquisition and rehabilitation process. Being closest to the people, the panchayats and their elected representatives have the feel of the pulse, the sufferings of the people and local conditions. Gram sabhas can play a meaningful role in selecting the beneficiaries, prioritising the beneficiaries to ensure gender and equity concerns and also in deciding the appropriate rehabilitation or reconstruction programme that is needed for the communities. Any legislation empowering the panchayats on land acquisition will make a much difference because if the people at the grassroots are legally empowered to raise objections to land acquisition then there will be a fair chance that the government may have to fight many stiff legal battles in order to proceed with development projects which would displace the poor and the marginalised from their hearth and homes. - Reproduced.
650 ## - SUBJECT ADDED ENTRY--TOPICAL TERM
Topical term or geographic name entry element Resettlement
650 ## - SUBJECT ADDED ENTRY--TOPICAL TERM
Topical term or geographic name entry element Rehabilitation
650 ## - SUBJECT ADDED ENTRY--TOPICAL TERM
Topical term or geographic name entry element Panchayat
773 ## - HOST ITEM ENTRY
Main entry heading Indian Journal of Public Administration
908 ## - PUT COMMAND PARAMETER (RLIN)
Put command parameter N
909 ## -
-- 101910
Holdings
Withdrawn status Lost status Damaged status Not for loan Permanent Location Current Location Date acquired Serial Enumeration / chronology Barcode Date last seen Price effective from Koha item type
        Indian Institute of Public Administration Indian Institute of Public Administration 2018-07-19 Volume no: 58, Issue no: 4 AR102370 2018-07-19 2018-07-19 Articles

Powered by Koha